Balance Sheets and the Lending Banker (Record no. 8090)
[ view plain ]
| 000 -LEADER | |
|---|---|
| fixed length control field | 00273nam a2200109Ia 4500 |
| 100 ## - MAIN ENTRY--AUTHOR NAME | |
| Personal name | J.H.Clemens |
| 245 #0 - TITLE STATEMENT | |
| Title | Balance Sheets and the Lending Banker |
| 260 ## - PUBLICATION, DISTRIBUTION, ETC. (IMPRINT) | |
| Place of publication | Karachi |
| Name of publisher | Union book |
| Year of publication | 2000 |
| 300 ## - PHYSICAL DESCRIPTION | |
| Number of Pages | 579 |
| 942 ## - ADDED ENTRY ELEMENTS (KOHA) | |
| Koha item type | Books |
| Withdrawn status | Lost status | Collection code | Permanent Location | Current Location | Shelving location | Date acquired | Full call number | Accession Number | Koha item type |
|---|---|---|---|---|---|---|---|---|---|
| | | Banking | MAJU | MAJU | Shelf No.A45 | 2019-09-13 | 5.118 | 2512 | Banking |